000 00661cam a2200205 4500
008 090520t20002000sp 000 0 spa u
020 _a8484421104
035 _aa481403
050 0 4 _aKKT816
_bB53 2000
100 1 _aBlasco Gascó, Fancisco de P.
245 1 3 _aLa hipoteca inmobiliaria y el crédito hipotecario /
_cFrancisco de P. Blasco Gascó.
250 _a1a ed.
260 _aValencia, España :
_bTirant lo Blanch,
_c2000
300 _a558 páginas ;
_c24 cm.
504 _aIncluye apéndice
504 _aBibliografía : páginas 547-558
506 _aPifi
650 7 _aDeudor y acreedor
_zEspaña
_2Lemb
650 7 _aHipotecas
_zEspaña
_2Lemb
942 _2lcc
_cLIB
999 _c147493
_d147491